Forensics game scenario for cyber range

Saved in:
Bibliographic Details
Main Author: Szacsko, Adrian (Author)
Other Authors: Laštinec, Ján (Thesis advisor)
Format: Manuscript Book
Language:Slovak
English
Published: 2025
Subjects:
Online Access:http://is.stuba.sk/zp/portal_zp.pl?podrobnosti=183616
Tags: Add Tag
No Tags, Be the first to tag this record!

MARC

LEADER 00000ntm a22000003a 4500
001 stuzp105868
003 SK-STU
005 20250607211907.4
007 ta
008 150427s2015----xo-----f-mn---000-0-slo-d
040 |a STU  |b slo 
041 0 |a eng 
100 1 |a Szacsko, Adrian  |u 070400  |4 aut  |U FIIT Fakulta informatiky a informačných technológií  |T FIIT Ústav počítačového inžinierstva a aplikovanej informatiky  |X 110899  |U I400  |Y 672  |7 110899 
242 0 1 |a Scenár forenznej hry pre kybernetický polygón  |y slo 
245 1 0 |a Forensics game scenario for cyber range 
260 |c 2025 
650 4 |a CTF  |2 eng 
650 4 |a Cyber Range  |2 eng 
650 4 |a Forensic analysis  |2 eng 
650 4 |a CTF  |2 slo 
650 4 |a Forenzná analýza  |2 slo 
650 4 |a Kybernetický polygón  |2 slo 
700 1 |a Laštinec, Ján  |u 070300  |k Z3  |4 ths  |U FIIT Fakulta informatiky a informačných technológií  |T FIIT Ústav aplikovanej informatiky  |X 56214  |U I300  |Y 180  |7 A000056214 
856 4 |u http://is.stuba.sk/zp/portal_zp.pl?podrobnosti=183616